Datum a čas kvízu
18
Celkem bodů
Celkový počet nahraných bodů na tomto kvízu bez doplňovacích otázek.
6.
Pořadí na kvízu
Konečné umístění týmu na tomto kvízu.
Zaznamenané odpovědi
| # | Otázka | Odpověď | Body | Výsledky |
|---|---|---|---|---|
| 1. | Krajský soud v Praze začal v ú... | 0 | ||
| 2. | Který ze členů britské královs... | 0 | ||
| 3. | Kdo si občas zabrnká na kytaru... | 1 | ||
| 4. | Jak bylo minulý týden oznámeno... | 0 | ||
| 5. | Disciplinární komise Ligové fo... | 1 | ||
| 6. | Zvíře jménem Benjamin v Orwell... | 0 | ||
| 7. | Tato kniha Jacka Londona navaz... | 0 | ||
| 8. | Příběhy medvídka Pú pochází z... | 0 | ||
| 9. | O Knize džunglí jsme se v kvíz... | 0 | ||
| 10. | Lev, čarodějnice a skříň není... | 0 |